000
00356nam a2200157Ia 4500
003
IT-RoPAU
008
120407s9999 xx 000 0 und d
040
_a
IT-RoPAU
040
_c
IT-RoPAU
100
_a
Maddalena Chasles
245
_a
Per leggere il vangelo
260
_a
Pia Società Figlie di San Paolo
300
_c
cm
490
_v
1
942
_c
BK
999
_c
9609
_d
9609